000 00391nam a22001697a 4500
005 20190827153711.0
008 160520b xxu||||| |||| 00| 0 eng d
020 _a81-7409-208-0
041 _aeng
082 _b3608
100 _aBotkasr K.R
_95062
245 _aIntegrated Circuits
260 _bKhanna Publishing
300 _a1110
650 _aDIPLOMA ENGINEERING
_9817
942 _cBK
999 _c1225
_d1225